000 00711nam a22001935i 4500
001 153621
003 ES-MaACL
005 20250804062749.0
008 050915s1862 it | |||||||| ||ita d
040 _aCAM
_bspa
_cCAM
245 0 0 _aElementi di filosofia speculativa secondo le dottrine degli scolastici specialmente di San Tommaso d'Aquino.
260 _aNapoli :
_b[s.n.],
_c1862 (
_fTipi di Vincenzo Manfredi)
300 _a2 v. (382; V, 428 p.) ;
_c23 cm.
600 1 4 _aTomás de Aquino
_cSanto-
_xCrítica e interpretación.
_9110513
650 7 _aFilosofía
_2embne
_912802
752 _aItalia -
_dNápoles
852 _aES-MaACL
_jG-13637
_z-- Enc. hol.
_z-- 2 t. en 1 v.
999 _c153621
_d153621